000 01330cad a22002775a 4500
001 L159798
008 140115s2013 xxk f 000 0 eng d
020 _a9781783210329
035 _a(Sirsi) u159798
041 0 _aeng
050 0 4 _218
110 2 _aRoyal Institution of Chartered Surveyors
_94900
245 0 0 _aSustainability
_bImproving performance in existing buildings
_h[electronic resource]
260 _aLondon
_bRICS
_c2013
520 _aARCHIVED
520 _aOutlines a road map for integrating sustainability into existing buildings and aims to assist building surveyors in explaining the appropriate options available to clients. Covers the initial appraisal, metrics, benchmarking and standards, concept design, detailed design and implementation, and completion (in use).
590 _aKA
650 2 4 _aENERGY PERFORMANCE CERTIFICATES
650 2 4 _aENERGY EFFICIENCY IN BUILDINGS
650 2 4 _aENERGY ACT 2011
651 4 _aEurope
690 _aSustainability
_96271
710 1 _aRoyal Institution of Chartered Surveyors
_bBuilding Surveying Faculty
_94830
856 4 0 _uhttps://www.rics.org/Global/Sustainability_in_existing_buildings_1st_edition_Europe_PGguidance_2013.pdf
_zView the EUROPEAN version of the guidance free of charge (members-only content) at www.rics.org/guidance...
942 _n0
999 _c116112
_d116112